| 000 | 00786nam a2200217Ia 4500 | ||
|---|---|---|---|
| 003 | GCL | ||
| 008 | 140319s9999 xx 000 0 ara d | ||
| 040 |
_aGCL / _cGCL |
||
| 082 | 0 | 4 |
_a920 _bأ ع |
| 100 | 1 | _aعبدالحفيظ فرغلى على القرنى | |
| 245 | 1 | 0 |
_aعبدالوهاب الشعرانى امام القرن العاشر / _cعبدالحفيظ فرغلى على القرنى |
| 260 |
_a[S.N] : _bالهيئة المصرية العامة للكتاب ، _c1985 |
||
| 300 | _a207 ص | ||
| 490 |
_aاعلام العرب _v0 |
||
| 650 | 0 | 4 | _aاعلام العرب |
| 650 | 0 | 4 | _aالعلماء المسلمون |
| 650 | 0 | 4 | _aالعلماء العرب |
| 650 | 0 | 4 | _aالاسلام - تراجم |
| 650 | 0 | 4 | _aعبدالوهاب الشعرانى |
| 942 |
_2ddc _cBK |
||
| 999 |
_c27983 _d27983 |
||